F10_小学校で学習する漢字 - Statistics

General Stats
  • This quiz has been taken 26 times
  • The average score is 513 of 1026
Answer Stats
習う学年 画数 漢字 % Correct
1年生 1
100%
1年生 2
94%
1年生 3
94%
1年生 3
94%
2年生 10
94%
2年生 13
94%
1年生 2
89%
1年生 2
89%
1年生 2
89%
1年生 3
89%
1年生 3
89%
1年生 3
89%
1年生 4
89%
1年生 4
89%
1年生 4
89%
1年生 4
89%
1年生 4
89%
1年生 5
89%
1年生 5
89%
1年生 8
89%
2年生 8
89%
2年生 8
89%
2年生 8
89%
2年生 11
89%
3年生 8
89%
3年生 10
89%
3年生 12
89%
1年生 2
83%
1年生 3
83%
1年生 3
83%
1年生 5
83%
1年生 5
83%
1年生 5
83%
1年生 7
83%
1年生 8
83%
1年生 8
83%
1年生 12
83%
2年生 4
83%
2年生 4
83%
2年生 5
83%
2年生 5
83%
2年生 5
83%
2年生 6
83%
2年生 6
83%
2年生 6 西
83%
2年生 7
83%
2年生 8
83%
2年生 9
83%
2年生 10
83%
2年生 11
83%
2年生 11
83%
2年生 12
83%
2年生 12
83%
2年生 14
83%
2年生 15
83%
3年生 6
83%
3年生 8
83%
3年生 9
83%
3年生 10
83%
3年生 10
83%
3年生 11
83%
3年生 11
83%
3年生 12
83%
3年生 13
83%
4年生 4
83%
4年生 5
83%
4年生 7
83%
4年生 8
83%
4年生 12
83%
4年生 13
83%
4年生 13
83%
4年生 14
83%
1年生 2
78%
1年生 3
78%
1年生 3
78%
1年生 4
78%
1年生 4
78%
1年生 4
78%
1年生 4
78%
1年生 4
78%
1年生 5
78%
1年生 5
78%
1年生 5
78%
1年生 5
78%
1年生 6
78%
1年生 6
78%
1年生 7
78%
1年生 7
78%
1年生 7
78%
1年生 8
78%
1年生 9
78%
1年生 9
78%
2年生 3
78%
2年生 4
78%
2年生 4
78%
2年生 4
78%
2年生 4
78%
2年生 6
78%
2年生 6
78%
2年生 7
78%
2年生 8
78%
2年生 9
78%
2年生 9
78%
2年生 9
78%
2年生 10
78%
2年生 11
78%
2年生 13
78%
2年生 13
78%
2年生 14
78%
3年生 4
78%
3年生 5
78%
3年生 5
78%
3年生 6
78%
3年生 12
78%
3年生 13
78%
3年生 16
78%
4年生 9
78%
4年生 11
78%
4年生 12
78%
6年生 6
78%
6年生 8
78%
6年生 10
78%
1年生 2
72%
1年生 2
72%
1年生 3
72%
1年生 4
72%
1年生 4
72%
1年生 5
72%
1年生 5
72%
1年生 5
72%
1年生 5
72%
1年生 6
72%
1年生 7
72%
1年生 7
72%
1年生 8
72%
1年生 8
72%
1年生 10
72%
2年生 4
72%
2年生 4
72%
2年生 4
72%
2年生 4
72%
2年生 5
72%
2年生 5
72%
2年生 6
72%
2年生 6
72%
2年生 7
72%
2年生 7
72%
2年生 8
72%
2年生 8
72%
2年生 8
72%
2年生 8
72%
2年生 8
72%
2年生 9
72%
2年生 9
72%
2年生 9
72%
2年生 9
72%
2年生 9
72%
2年生 9
72%
2年生 10
72%
2年生 10
72%
2年生 10
72%
2年生 10
72%
2年生 11
72%
2年生 11
72%
2年生 11
72%
2年生 12
72%
2年生 12
72%
2年生 13
72%
2年生 14
72%
2年生 16
72%
2年生 18
72%
3年生 5
72%
3年生 6
72%
3年生 7
72%
3年生 8
72%
3年生 9
72%
3年生 9
72%
3年生 9
72%
3年生 9
72%
3年生 11
72%
3年生 11
72%
3年生 13
72%
4年生 7
72%
4年生 7
72%
4年生 7
72%
4年生 7
72%
4年生 8
72%
4年生 8
72%
4年生 8
72%
4年生 13
72%
4年生 15
72%
4年生 16
72%
4年生 20
72%
5年生 3
72%
5年生 3
72%
5年生 9
72%
5年生 11
72%
6年生 11
72%
1年生 3
67%
1年生 4
67%
1年生 6
67%
2年生 3
67%
2年生 3
67%
2年生 4
67%
2年生 4
67%
2年生 5
67%
2年生 5
67%
2年生 5
67%
2年生 5
67%
2年生 6
67%
2年生 6
67%
2年生 6
67%
2年生 7
67%
2年生 7
67%
2年生 7
67%
2年生 9
67%
2年生 11
67%
2年生 12
67%
2年生 12
67%
2年生 13
67%
2年生 13
67%
2年生 13
67%
2年生 14
67%
3年生 2
67%
3年生 5
67%
3年生 6
67%
3年生 8 使
67%
3年生 8
67%
3年生 8
67%
3年生 8
67%
3年生 8
67%
3年生 8
67%
3年生 9
67%
3年生 9
67%
3年生 9
67%
3年生 9
67%
3年生 10
67%
3年生 11
67%
3年生 11
67%
3年生 11
67%
3年生 12
67%
3年生 12
67%
3年生 14
67%
3年生 14
67%
3年生 14
67%
3年生 15
67%
4年生 4
67%
4年生 5
67%
4年生 7
67%
4年生 7
67%
4年生 7
67%
4年生 7
67%
4年生 7
67%
4年生 8
67%
4年生 8
67%
4年生 8
67%
4年生 9
67%
4年生 9
67%
4年生 9
67%
4年生 11
67%
4年生 11
67%
4年生 11 鹿
67%
4年生 12
67%
4年生 12
67%
4年生 14
67%
4年生 15
67%
5年生 6
67%
5年生 13
67%
6年生 8
67%
1年生 3
61%
1年生 3
61%
1年生 6
61%
1年生 6
61%
1年生 6
61%
1年生 6
61%
1年生 7
61%
1年生 7
61%
2年生 4
61%
2年生 4
61%
2年生 5
61%
2年生 6
61%
2年生 6
61%
2年生 7
61%
2年生 7
61%
2年生 7
61%
2年生 8
61%
2年生 8
61%
2年生 9
61%
2年生 9
61%
2年生 10
61%
2年生 10
61%
3年生 4
61%
3年生 5
61%
3年生 5
61%
3年生 6
61%
3年生 7
61%
3年生 7
61%
3年生 8
61%
3年生 8
61%
3年生 8
61%
3年生 8
61%
3年生 8
61%
3年生 9
61%
3年生 9
61%
3年生 9
61%
3年生 10
61%
3年生 10
61%
3年生 10
61%
3年生 11
61%
3年生 12
61%
3年生 12
61%
3年生 12
61%
3年生 13
61%
3年生 13
61%
3年生 14
61%
3年生 15 調
61%
3年生 18
61%
4年生 5
61%
4年生 5
61%
4年生 5
61%
4年生 6
61%
4年生 6
61%
4年生 8
61%
4年生 9
61%
4年生 9
61%
4年生 9
61%
4年生 10
61%
4年生 10
61%
4年生 10
61%
4年生 11
61%
4年生 11
61%
4年生 12
61%
4年生 13
61%
4年生 14
61%
4年生 14
61%
4年生 15
61%
4年生 15
61%
4年生 15
61%
4年生 18
61%
5年生 6
61%
5年生 7
61%
5年生 8
61%
5年生 8
61%
5年生 8
61%
5年生 9
61%
5年生 10
61%
5年生 10
61%
5年生 10
61%
5年生 10
61%
5年生 14
61%
5年生 20
61%
6年生 3
61%
6年生 11
61%
6年生 13
61%
6年生 15
61%
1年生 4
56%
1年生 6
56%
1年生 6
56%
1年生 6
56%
1年生 7
56%
2年生 2
56%
2年生 3
56%
2年生 4
56%
2年生 6
56%
2年生 6
56%
2年生 7
56%
2年生 7
56%
2年生 7
56%
2年生 8
56%
2年生 9
56%
2年生 9
56%
2年生 9
56%
2年生 9
56%
2年生 9
56%
2年生 10
56%
2年生 10
56%
2年生 11
56%
2年生 12
56%
2年生 12
56%
2年生 16
56%
3年生 4
56%
3年生 5
56%
3年生 5
56%
3年生 5
56%
3年生 5
56%
3年生 5
56%
3年生 5
56%
3年生 6
56%
3年生 6
56%
3年生 6
56%
3年生 6
56%
3年生 7
56%
3年生 7
56%
3年生 7
56%
3年生 7
56%
3年生 8
56%
3年生 8
56%
3年生 9
56%
3年生 9
56%
3年生 10
56%
3年生 10
56%
3年生 10
56%
3年生 10
56%
3年生 10
56%
3年生 11
56%
3年生 11 宿
56%
3年生 12
56%
3年生 12
56%
3年生 12
56%
3年生 12
56%
3年生 13
56%
3年生 13
56%
3年生 16
56%
4年生 5
56%
4年生 7
56%
4年生 7
56%
4年生 8
56%
4年生 8
56%
4年生 8
56%
4年生 9
56%
4年生 9
56%
4年生 10
56%
4年生 11
56%
4年生 11
56%
4年生 12
56%
4年生 12
56%
4年生 12
56%
4年生 12
56%
4年生 12
56%
4年生 13
56%
4年生 20
56%
5年生 4
56%
5年生 5
56%
5年生 5
56%
5年生 7
56%
5年生 8
56%
5年生 8
56%
5年生 8
56%
5年生 9
56%
5年生 10
56%
5年生 10
56%
5年生 10
56%
5年生 11
56%
5年生 11
56%
5年生 11
56%
5年生 12
56%
5年生 13
56%
5年生 13
56%
5年生 13
56%
5年生 14
56%
6年生 4
56%
6年生 4
56%
6年生 6
56%
6年生 9
56%
6年生 10
56%
6年生 10
56%
6年生 12
56%
6年生 13
56%
6年生 14
56%
2年生 4
50%
2年生 4
50%
2年生 4
50%
2年生 5
50%
2年生 5
50%
2年生 6
50%
2年生 6
50%
2年生 6
50%
2年生 7
50%
2年生 7
50%
2年生 8
50%
2年生 11
50%
2年生 11
50%
2年生 14
50%
2年生 18
50%
3年生 6
50%
3年生 7
50%
3年生 8
50%
3年生 8
50%
3年生 8
50%
3年生 8
50%
3年生 8
50%
3年生 9
50%
3年生 9
50%
3年生 9
50%
3年生 11
50%
3年生 11
50%
3年生 11
50%
3年生 12
50%
3年生 12
50%
3年生 13
50%
3年生 13
50%
3年生 14
50%
4年生 4
50%
4年生 5
50%
4年生 6
50%
4年生 6
50%
4年生 6
50%
4年生 7
50%
4年生 7
50%
4年生 7
50%
4年生 7
50%
4年生 7
50%
4年生 8
50%
4年生 9
50%
4年生 9
50%
4年生 9 便
50%
4年生 10
50%
4年生 10
50%
4年生 11
50%
4年生 12
50%
4年生 14
50%
4年生 15
50%
4年生 15
50%
5年生 5
50%
5年生 5
50%
5年生 5
50%
5年生 5
50%
5年生 9
50%
5年生 9
50%
5年生 9
50%
5年生 9
50%
5年生 10
50%
5年生 11
50%
5年生 11
50%
5年生 11
50%
5年生 11
50%
5年生 12
50%
5年生 12
50%
5年生 13
50%
5年生 13
50%
5年生 14
50%
5年生 15
50%
6年生 5
50%
6年生 6
50%
6年生 7
50%
6年生 9
50%
6年生 9
50%
6年生 9
50%
6年生 9
50%
6年生 9
50%
6年生 9
50%
6年生 10
50%
6年生 11
50%
6年生 11
50%
6年生 11
50%
6年生 12
50%
6年生 13
50%
6年生 13
50%
6年生 15
50%
6年生 16
50%
1年生 6
44%
2年生 6
44%
2年生 6
44%
2年生 7
44%
2年生 7
44%
2年生 8
44%
2年生 10
44%
2年生 12
44%
2年生 12
44%
2年生 14
44%
3年生 5
44%
3年生 6
44%
3年生 6
44%
3年生 7
44%
3年生 9
44%
3年生 9
44%
3年生 9
44%
3年生 9
44%
3年生 10
44%
3年生 10
44%
3年生 11
44%
3年生 12
44%
3年生 12
44%
3年生 12
44%
3年生 12
44%
3年生 12
44%
3年生 12
44%
3年生 13
44%
3年生 15
44%
3年生 16
44%
4年生 4
44%
4年生 4
44%
4年生 5
44%
4年生 5
44%
4年生 6
44%
4年生 6
44%
4年生 7
44%
4年生 8
44%
4年生 8
44%
4年生 8
44%
4年生 8
44%
4年生 8
44%
4年生 9
44%
4年生 9
44%
4年生 10
44%
4年生 10
44%
4年生 10
44%
4年生 10
44%
4年生 11
44%
4年生 11
44%
4年生 11
44%
4年生 12
44%
4年生 12
44%
4年生 12
44%
4年生 12
44%
4年生 12
44%
4年生 13
44%
4年生 14
44%
4年生 15
44%
4年生 19
44%
5年生 4
44%
5年生 7
44%
5年生 7
44%
5年生 7
44%
5年生 8
44%
5年生 9
44%
5年生 9
44%
5年生 10
44%
5年生 11
44%
5年生 11
44%
5年生 11
44%
5年生 11
44%
5年生 11
44%
5年生 12
44%
5年生 12
44%
5年生 12
44%
5年生 12
44%
5年生 12
44%
5年生 12
44%
5年生 13
44%
5年生 13
44%
5年生 14
44%
5年生 14
44%
5年生 14
44%
5年生 15
44%
5年生 15
44%
5年生 15
44%
5年生 16
44%
5年生 18
44%
5年生 19
44%
6年生 3
44%
6年生 6
44%
6年生 7
44%
6年生 8
44%
6年生 8
44%
6年生 12
44%
6年生 12
44%
6年生 12
44%
6年生 12
44%
6年生 13
44%
6年生 13
44%
6年生 14
44%
6年生 14
44%
6年生 15
44%
6年生 17
44%
2年生 11
39%
3年生 4
39%
3年生 5
39%
3年生 6
39%
3年生 6
39%
3年生 7
39%
3年生 7
39%
3年生 8
39%
3年生 8
39%
3年生 8
39%
3年生 9
39%
3年生 9
39%
3年生 10
39%
3年生 12
39%
3年生 12
39%
3年生 12
39%
3年生 13
39%
3年生 16
39%
4年生 5
39%
4年生 5
39%
4年生 5
39%
4年生 6
39%
4年生 7
39%
4年生 8
39%
4年生 9
39%
4年生 10
39%
4年生 10
39%
4年生 10
39%
4年生 10
39%
4年生 11
39%
4年生 11
39%
4年生 12
39%
4年生 12
39%
4年生 12
39%
4年生 13
39%
4年生 13
39%
4年生 13
39%
4年生 13
39%
4年生 14
39%
4年生 14
39%
4年生 15
39%
4年生 16
39%
5年生 5
39%
5年生 6
39%
5年生 6
39%
5年生 7
39%
5年生 7
39%
5年生 8
39%
5年生 8
39%
5年生 10
39%
5年生 11
39%
5年生 11
39%
5年生 11
39%
5年生 11
39%
5年生 11
39%
5年生 11
39%
5年生 12
39%
5年生 14
39%
5年生 14
39%
5年生 14
39%
5年生 14
39%
5年生 14
39%
5年生 14
39%
5年生 15
39%
5年生 16
39%
5年生 17
39%
6年生 3
39%
6年生 4
39%
6年生 5
39%
6年生 6
39%
6年生 6
39%
6年生 7
39%
6年生 7
39%
6年生 7
39%
6年生 8
39%
6年生 8
39%
6年生 9
39%
6年生 9
39%
6年生 9
39%
6年生 9
39%
6年生 9
39%
6年生 10
39%
6年生 10
39%
6年生 10
39%
6年生 10
39%
6年生 10
39%
6年生 11
39%
6年生 11
39%
6年生 11
39%
6年生 12
39%
6年生 12
39%
6年生 13
39%
6年生 14
39%
6年生 14
39%
6年生 15
39%
6年生 19
39%
2年生 11
33%
3年生 5
33%
3年生 5
33%
3年生 7
33%
3年生 7
33%
3年生 8
33%
3年生 9
33%
3年生 9
33%
3年生 9
33%
3年生 9
33%
3年生 10
33%
3年生 10
33%
3年生 11
33%
3年生 11
33%
3年生 12
33%
3年生 12
33%
3年生 15
33%
4年生 5
33%
4年生 6
33%
4年生 6
33%
4年生 6
33%
4年生 6
33%
4年生 7
33%
4年生 8
33%
4年生 8
33%
4年生 9
33%
4年生 9
33%
4年生 9
33%
4年生 10
33%
4年生 12
33%
4年生 12
33%
4年生 13
33%
4年生 14
33%
4年生 16
33%
5年生 4
33%
5年生 5
33%
5年生 6
33%
5年生 6
33%
5年生 7
33%
5年生 7
33%
5年生 7
33%
5年生 8
33%
5年生 8
33%
5年生 9
33%
5年生 10
33%
5年生 10
33%
5年生 10
33%
5年生 11
33%
5年生 11
33%
5年生 11
33%
5年生 11
33%
5年生 12
33%
5年生 12 貿
33%
5年生 13
33%
5年生 14
33%
5年生 14
33%
5年生 14
33%
5年生 14 綿
33%
5年生 14
33%
5年生 15
33%
5年生 16
33%
5年生 16
33%
5年生 18
33%
6年生 3
33%
6年生 4
33%
6年生 6
33%
6年生 6
33%
6年生 8
33%
6年生 8
33%
6年生 8
33%
6年生 9
33%
6年生 9
33%
6年生 9 退
33%
6年生 9
33%
6年生 9
33%
6年生 9
33%
6年生 10
33%
6年生 10
33%
6年生 10
33%
6年生 11
33%
6年生 12
33%
6年生 12
33%
6年生 12
33%
6年生 12
33%
6年生 13
33%
6年生 13
33%
6年生 14
33%
6年生 16
33%
6年生 18
33%
6年生 19
33%
2年生 3
28%
2年生 6
28%
3年生 5
28%
3年生 8
28%
3年生 8
28%
3年生 9
28%
3年生 10
28%
3年生 10
28%
3年生 11
28%
3年生 12
28%
3年生 14
28%
4年生 7
28%
4年生 7
28%
4年生 7
28%
4年生 8
28%
4年生 8
28%
4年生 8
28%
4年生 10
28%
4年生 10
28%
4年生 11
28%
4年生 11
28%
4年生 11
28%
4年生 11
28%
4年生 14
28%
4年生 18
28%
4年生 19
28%
5年生 5
28%
5年生 6
28%
5年生 7
28%
5年生 8
28%
5年生 8
28%
5年生 8
28%
5年生 8
28%
5年生 8
28%
5年生 9
28%
5年生 9
28%
5年生 11
28%
5年生 11
28%
5年生 11
28%
5年生 11
28%
5年生 11
28%
5年生 11
28%
5年生 12
28%
5年生 12
28%
5年生 12
28%
5年生 12
28%
5年生 12
28%
5年生 13
28%
5年生 13
28%
5年生 16
28%
6年生 5
28%
6年生 7
28%
6年生 7
28%
6年生 8 沿
28%
6年生 8
28%
6年生 8
28%
6年生 8
28%
6年生 8
28%
6年生 8
28%
6年生 9
28%
6年生 9 姿
28%
6年生 10
28%
6年生 11
28%
6年生 11
28%
6年生 11
28%
6年生 12
28%
6年生 12
28%
6年生 12
28%
6年生 14
28%
6年生 14
28%
6年生 14
28%
6年生 15
28%
6年生 16
28%
6年生 16
28%
6年生 17
28%
6年生 18
28%
3年生 7
22%
3年生 8
22%
3年生 9
22%
3年生 10
22%
3年生 11
22%
3年生 11
22%
3年生 12
22%
4年生 7
22%
4年生 8
22%
4年生 9
22%
4年生 10
22%
4年生 11
22%
4年生 12
22%
4年生 15
22%
4年生 18
22%
5年生 5
22%
5年生 7
22%
5年生 8
22%
5年生 10
22%
5年生 10
22%
5年生 10
22%
5年生 10
22%
5年生 12
22%
5年生 12
22%
5年生 13
22%
5年生 13
22%
5年生 15
22%
5年生 17
22%
6年生 5
22%
6年生 6
22%
6年生 7
22%
6年生 7
22%
6年生 8
22%
6年生 9
22%
6年生 10
22%
6年生 10
22%
6年生 10
22%
6年生 10
22%
6年生 10
22%
6年生 10
22%
6年生 11
22%
6年生 11
22%
6年生 12
22%
6年生 12
22%
6年生 13
22%
6年生 14
22%
6年生 14
22%
6年生 15
22%
6年生 16
22%
6年生 17
22%
6年生 18
22%
2年生 7
17%
4年生 5
17%
4年生 8
17%
4年生 8
17%
4年生 10
17%
5年生 7
17%
5年生 7
17%
5年生 9
17%
5年生 12
17%
5年生 12
17%
5年生 12
17%
5年生 13
17%
5年生 14
17%
5年生 17
17%
5年生 18
17%
6年生 5
17%
6年生 6
17%
6年生 8
17%
6年生 8
17%
6年生 10
17%
6年生 10
17%
6年生 10
17%
6年生 10
17%
6年生 11
17%
6年生 11
17%
6年生 11
17%
6年生 11
17%
6年生 11
17%
6年生 12
17%
6年生 12
17%
6年生 13
17%
6年生 13
17%
6年生 15
17%
6年生 16
17%
6年生 16
17%
6年生 16
17%
3年生 9
11%
4年生 10
11%
5年生 5
11%
5年生 7
11%
5年生 8
11%
5年生 11
11%
5年生 14
11%
6年生 7
11%
6年生 13
11%
6年生 13
11%
6年生 13
11%
6年生 15
11%
6年生 17
11%
5年生 10
6%
5年生 15
6%
6年生 8
6%
6年生 8
6%
6年生 10
6%
6年生 11
6%
6年生 15
6%
6年生 15
6%
6年生 14
0%
No matching quizzes found
Score Distribution
Percent of People with Each Score
Percentile by Number Answered
Your Score History
You have not taken this quiz